000
00308nam a22001217a 4500
040
_c
Nust
082
_a
297.1227
_b
MUH
100
_a
Mufti Muhammad Shafi
245
_a
معارف القرآن
260
_a
Karachi:
_b
Idarat Ul Muarif,
_c
2006.
650
_a
معارف القرآن
_9
126022
942
_2
ddc
_c
BK
999
_c
611758
_d
611758